Представление документа в формате RUSMARC

ПолеНазваниеЗначение
  Тип записи a
  Библиографический уровень a
001 Контрольный номер 47e2f9db245048729de813af2b18e422
005 Дата корректировки 20250912100517.9
100 Данные общей обработки __
a Данные общей обработки 20250220 ||| 0rusy0189 ca
101 Язык документа 0_
a Язык текста rus
102 Страна публикации __
a Страна публикации RU
200 Заглавие и сведения об ответственности 1_
a Заглавие Антонио Ротта
e Сведения, относящиеся к заглавию [творчество итальянского художника Антонио Ротта]
f Первые сведения об ответственности Е. Фуркатова
300 Общие примечания __
a Общие примечания Прил.: с. 1-4 : ил. - (Галерея искусств Мурзилки)
461 Уровень набора _0
1 2000
a Мурзилка
463 Уровень физической единицы _0
1 2000
b Текст
a № 2
1 2101
d 2025
1 001d8943e74a4ba4e269787a08d871577b8
600 Персоналии _1
a Персоналии (Фамилия) Ротта
g Полное имя Антонио
606 Тематические рубрики 0_
a Основная рубрика Ротта, Антонио (1828-1903) - Творчество
y Географическая подрубрика Италия
z Хронологическая подрубрика 19 в.
610 Ключевые слова 0_
a Ключевые слова зарубежная живопись, зарубежные живописцы, итальянские художники, зарубежные художники, итальянская живопись, итальянские живописцы, творчество Ротта, жанровая живопись, детские портреты, Девочка с котом (картина), Непослушные цыплята (картина), Первая помощь (картина), Спички (картина), Сапожник (картина)
686 Индексы других классификаций __
a Классификационный индекс 85.143(3)
700 Автор _1
a Фамилия Фуркатова
b Имя (инициалы) Е.
g Полное личное имя Елена
801 Источник записи _0
a Страна RU
b Организация УОБДЮ
c Дата составления 20250220
g Правила каталогизации RCR
801 Источник записи _1
a Страна RU
b Организация УОБДЮ
c Дата составления 20250220
g Правила каталогизации RCR
901 Тип документа __
t Тип документа b
w Контрольный № источника d8943e74a4ba4e269787a08d871577b8
905 Данные по созданию БЗ __
b Логин пользователя, который создал БЗ ibo10